| 000 | 00463cam a22001814a 4500 | ||
|---|---|---|---|
| 005 | 20250605164244.0 | ||
| 008 | 250528s ||||||||||||||||||||||||d | ||
| 035 | _a21430 | ||
| 040 |
_aGR-AtMCL _bgre _dGR-AtMCL _eAACR2 |
||
| 245 | 1 | _aΧΡΗΣΗ ΚΑΙ ΕΦΑΡΜΟΓΕΣ ΤΗΣ TURBO PASCAL 6 | |
| 250 | _a2 | ||
| 260 |
_bΓκιουρδας, _c1991 |
||
| 300 | _a896 | ||
| 700 | 1 |
_aYester Michael _97468 |
|
| 942 | _cBK | ||
| 999 |
_c6492 _d6492 |
||